LEADER 01060nam 2200325Ia 450 001 996396078203316 005 20221108025103.0 035 $a(CKB)4330000000347292 035 $a(EEBO)2248517609 035 $a(OCoLC)12801474 035 $a(EXLCZ)994330000000347292 100 $a19851115d1688 uy | 101 0 $aeng 135 $aurbn||||a|bb| 200 10$aSeasonable advice to Protestants$b[electronic resource] $eshewing the necessity of maintaining the established religion in opposition to popery /$fby Dr. Fell .. 210 $aLondon $cPrinted for Charles Brome ...$d1688 215 $a[2], 37 p 300 $aReproduction of original in Union Theological Seminary Library, New York. 330 $aeebo-0160 606 $aDissenters, Religious$zEngland 615 0$aDissenters, Religious 700 $aFell$b John$f1625-1686.$01001113 801 0$bEAA 801 1$bEAA 801 2$bm/c 801 2$bWaOLN 906 $aBOOK 912 $a996396078203316 996 $aSeasonable advice to Protestants$92383802 997 $aUNISA